000 03455cam a2200817 a 4500
999 _c55759
001 10642897
003 LIBRIS
005 20210202125224.0
008 080104s2008 sw |||||||||||000 0|swe|
020 _a9789155236670
_qinb.
035 _a(Bo)414172
035 _a(Mo)b1679221
040 _aLGEN
_dOg
_dS
_ea
041 _aswe
082 0 4 _a641.86
_222 (machine generated)
083 0 _a641.865
_222 (machine generated)
084 _aQcaam
_2kssb/8
084 _aQcae
_2kssb/8
084 _aMåltidsakademiens biblioteksstiftelse
084 _aMåltidslitteratur 2008
084 _aKategori: Söta bakverk
084 _aQcae
_2kssb/8
084 _aQcaam
_2kssb/8
100 1 _aHansson, Jon,
_d1957-
_0https://libris.kb.se/gdsw47s01cqcbd2#it
245 1 0 _aÄppelkaka och andra äppelfavoriter /
_cJon Hansson, Camilla Sjödin.
264 1 _aSundbyberg :
_bSemic,
_c2008
264 3 _aItalien
300 _a93 s.
_bill.
_c24 cm
340 _b24 cm
500 _5Mo
_asvenska
541 _5Gma
541 _5Og
650 7 _aÄpplen
_0https://id.kb.se/term/sao/%C3%84pplen
_2sao
650 0 _aApples
650 7 _aBakning
_0https://id.kb.se/term/sao/Bakning
_2sao
650 7 _aPajer
_0https://id.kb.se/term/sao/Pajer
_2sao
650 7 _aEfterrätter
_0https://id.kb.se/term/sao/Efterr%C3%A4tter
_2sao
653 _aDesserter
655 7 _aKokböcker
_0https://id.kb.se/term/saogf/Kokb%C3%B6cker
_2saogf
655 4 _5Mo
_aBok
700 1 _aSjödin, Camilla,
_d1973-
_4pht
887 _a{"@id":"wd661dn724bllc5","modified":"2017-10-10T12:00:49+02:00","checksum":"47497745128"}
_2librisxl
887 _a{"@id":"v074vxg15qsvt4w","modified":"2016-01-25T11:36:18+01:00","checksum":"41820161668"}
_2librisxl
887 _a{"@id":"qv2p5j3w5hjfhmh","modified":"2014-04-01T13:43:15+02:00","checksum":"40296674397"}
_2librisxl
887 _a{"@id":"lqxwsk3r2l1wwbq","modified":"2008-07-16T15:34:30+02:00","checksum":"58349183273"}
_2librisxl
887 _a{"@id":"kpwvsw3q2pf7pvs","modified":"2008-07-24T13:57:48+02:00","checksum":"41248355975"}
_2librisxl
887 _a{"@id":"kpww9gsq1h09kc5","modified":"2009-02-23T11:08:24+01:00","checksum":"96692465197"}
_2librisxl
887 _a{"@id":"jnvtqgdp533qwhf","modified":"2008-07-16T12:41:47+02:00","checksum":"51607299666"}
_2librisxl
887 _a{"@id":"x2875p235m9dv25","modified":"2008-08-04T10:59:02+02:00","checksum":"38961441742"}
_2librisxl
942 _2z
_cBOOK